Statistics for Chess Pieces by Picture

Click here to take the quiz!

General Stats

  • This quiz has been taken 28 times
  • The average score is 6 of 6

Answer Stats

Answer% Correct
Rook
100%
Bishop
96%
Queen
96%
King
96%
Pawn
96%
Knight
93%

Score Distribution

Percentile by Number Answered

Percent of People with Each Score

Your Score History

You have not taken this quiz